Study on gastrointestinal parasites in cattle at kring chek commune, oudong district, kampong speu province; ការសិក្សាពីបរាសិតនៅក្នុងក្រពះពោះវៀនគោ នៅឃុំក្រាំងចេក ស្រុកឧដុង្គ ខេត្តកំពង់ស្ពឺ (Record no. 10875)

000 -LEADER
fixed length control field 00734nam a22001577a 4500
003 - CONTROL NUMBER IDENTIFIER
control field OSt
005 - DATE AND TIME OF LATEST TRANSACTION
control field 20161123134001.0
008 - FIXED-LENGTH DATA ELEMENTS--GENERAL INFORMATION
fixed length control field 161123b xxu||||| |||| 00| 0 eng d
040 ## - CATALOGING SOURCE
Transcribing agency RUA
082 ## - DEWEY DECIMAL CLASSIFICATION NUMBER
Classification number VEM MON 2015 B533 Or.1
100 ## - MAIN ENTRY--PERSONAL NAME
9 (RLIN) 11311
Personal name MON RAKSME; ម៉ុន រស្មី
245 ## - TITLE STATEMENT
Title Study on gastrointestinal parasites in cattle at kring chek commune, oudong district, kampong speu province; ការសិក្សាពីបរាសិតនៅក្នុងក្រពះពោះវៀនគោ នៅឃុំក្រាំងចេក ស្រុកឧដុង្គ ខេត្តកំពង់ស្ពឺ
260 ## - PUBLICATION, DISTRIBUTION, ETC. (IMPRINT)
Place of publication, distribution, etc. PHNOM PENH
Name of publisher, distributor, etc. MON
Date of publication, distribution, etc. 2015
300 ## - PHYSICAL DESCRIPTION
Extent ix;44p.
Other physical details ill.
Dimensions 29cm.
942 ## - ADDED ENTRY ELEMENTS (KOHA)
Source of classification or shelving scheme
Koha item type VEM
Holdings
Price effective from Date last seen Permanent Location Not for loan Date acquired Source of classification or shelving scheme Koha item type Lost status Withdrawn status Date last checked out Total Checkouts Shelving location Damaged status Barcode Current Location Full call number
2016-11-232016-11-23Library Block B 2016-11-23 VEM    B533 A04260Library Block BVEM MON 2015 B533 Or.1
2016-11-232016-11-23Library Block B 2016-11-23 VEM    B533 A03327Library Block BVEM MON 2015 B533 Or.2
2016-11-232016-11-23Library Block B 2016-11-23 VEM    B533 A04149Library Block BVEM MON 2015 B533 Or.3
2016-11-232016-11-23Library Block B 2016-11-23 VEM    B533 A04162Library Block BVEM MON 2015 B533 Or.4
2016-11-232019-12-06Library Block B 2016-11-23 VEM  2019-11-252B533 A04170Library Block BVEM MON 2015 B533 Or.5
2016-11-232016-11-23Library Block B 2016-11-23 VEM    B533 A03343Library Block BVEM MON 2015 B533 Or.6
2016-11-232016-11-23Library Block B 2016-11-23 VEM    B533 A03466Library Block BVEM MON 2015 B533 Or.7
2016-11-232020-01-08Library Block B 2016-11-23 VEM  2019-12-022B533 A03009Library Block BVEM MON 2015 B533 Or.8
មជ្ឈមណ្ឌលឯការនៃសាកលវិទ្យាល័យភូមិន្ទកសិកម្មចំការដូង

Powered by Koha